Периодическая система элементов А-Я - Statistics

General Stats
  • This quiz has been taken 90 times
  • The average score is 19 of 23
Answer Stats
Намекать Элементы Результат % Correct
Б 6
98%
А 6
97%
В 4
95%
Г 6
95%
К 11
92%
М 8
92%
С 9
89%
Л 5
88%
Н 8
88%
Р 9
88%
Ф 5
88%
Ц 4
85%
Т 9
83%
У 2
83%
И 5
82%
П 7
79%
Х 3
79%
О 3
77%
Ж 1
76%
З 1
67%
Э 2
58%
Д 3
48%
Е 1
41%
No matching quizzes found
Score Distribution
Percent of People with Each Score
Percentile by Number Answered
Your Score History
You have not taken this quiz